[Event "CAN-ch U08 Girls"]
[Site "Quebec"]
[Date "2008.07.14"]
[Round "2"]
[White "Rakov, Anna"]
[Black "MacInnis, Maggie Rose"]
[Result "0-1"]
[WhiteElo "497"]
[BlackElo "910"]
[PlyCount "60"]
[EventDate "2008.07.14"]
[EventType "swiss"]
[EventRounds "7"]
[EventCountry "CAN"]
[SourceTitle "EXT 2011"]
[Source "ChessBase"]
[SourceDate "2010.11.26"]
[SourceVersion "1"]
[SourceVersionDate "2010.11.26"]
[SourceQuality "1"]

1. e4 c5 2. Nf3 d6 3. h3 Nf6 4. d3 a6 5. Be2 e6 6. 0-0 Be7 7. Nh4 0-0 8. Bg5 Nc6 9. Bxf6 Bxf6 10. c3 Bxh4 11. c4 Nd4 12. Bg4 b6 13. Nc3 Bb7 14. Nd5 exd5 15. exd5 Bxd5 16. cxd5 Re8 17. Re1 Rxe1+ 18. Qxe1 Nc2 19. Qc1 Nd4 20. Qc3 f5 21. Be2 Nxe2+ 22. Kf1 Nxc3 23. bxc3 Qe7 24. g3 Bg5 25. f4 Bf6 26. Rc1 Re8 27. h4 Qe2+ 28. Kg1 Qxa2 29. Kh1 Bxc3 30. Rxc3 Re1# 0-1